[Event "Portugal Open 2020"]
[Site "Lisboa POR"]
[Date "2020.01.27"]
[Round "4.48"]
[White "Marcos Herrero, Francisco"]
[Black "Silva, Gonçalo"]
[Result "0-1"]
[WhiteElo "1861"]
[BlackElo "2133"]
[WhiteFideId "2279045"]
[BlackFideId "1915100"]
[WhiteCountry "ESP"]
[BlackCountry "POR"]
[PlyCount "106"]
[EventDate "2020.01.25"]

1. Nf3 g6 2. c4 Bg7 3. g3 e5 4. Nc3 Nc6 5. Bg2 d6 6. O-O Nge7 7. Rb1 f5 8. d3
O-O 9. e4 h6 10. b4 g5 11. b5 Nb8 12. Nd2 f4 13. g4 h5 14. h3 hxg4 15. hxg4 Nd7
16. Nd5 Nf6 17. Nxe7+ Qxe7 18. f3 Kf7 19. Kf2 Be6 20. a4 Rh8 21. Ba3 b6 22. Rh1
Qd7 23. Qb3 Kg6 24. Rxh8 Rxh8 25. Rh1 Rf8 26. Qd1 Ra8 27. Nb1 a6 28. Nc3 axb5
29. Nxb5 Ne8 30. Qb3 c6 31. Nc3 Qa7 32. Ra1 b5+ 33. Kf1 bxa4 34. Qc2 Bf8 35. Bb2
Qb7 36. Rxa4 Rb8 37. Ra2 Nf6 38. Ba3 Ra8 39. Bc1 Rxa2 40. Qxa2 d5 41. cxd5 cxd5
42. Qb2 Qa6 43. Qb5 Qxb5 44. Nxb5 dxe4 45. fxe4 Nxg4 46. Nc7 Bd7 47. Nd5 Nf6 48.
Bb2 Bd6 49. Nxf6 Kxf6 50. d4 g4 51. dxe5+ Bxe5 52. Ba3 f3 53. Bh1 Bc6 0-1

[Event "Portugal Open 2020"]
[Site "Lisboa POR"]
[Date "2020.01.27"]
[Round "4.49"]
[White "Röttgen, Jürgen"]
[Black "Quintino, Luís"]
[Result "1/2-1/2"]
[WhiteElo "2131"]
[BlackElo "1839"]
[WhiteFideId "4629868"]
[BlackFideId "1904086"]
[WhiteCountry "GER"]
[BlackCountry "POR"]
[PlyCount "67"]
[EventDate "2020.01.25"]

1. Nf3 d5 2. b3 Nf6 3. Bb2 g6 4. g3 Bg7 5. Bg2 O-O 6. d4 c6 7. O-O Bf5 8. Nbd2
Qc8 9. Re1 Bh3 10. Bh1 Re8 11. c4 Nbd7 12. Rc1 Qd8 13. cxd5 cxd5 14. Ne5 Bh6 15.
e3 Be6 16. Nd3 Rc8 17. Nf4 Nf8 18. Qe2 Qa5 19. a3 Rxc1 20. Rxc1 Rc8 21. Rxc8
Bxc8 22. b4 Qd8 23. Qb5 Bxf4 24. exf4 Qc7 25. Qc5 Ne6 26. Qxc7 Nxc7 27. Nf1 Nfe8
28. Ne3 e6 29. Bf3 Nd6 30. a4 a6 31. Bd1 Nc4 32. Bc3 Bd7 33. Bb3 b5 34. a5
1/2-1/2

[Event "Portugal Open 2020"]
[Site "Lisboa POR"]
[Date "2020.01.27"]
[Round "4.50"]
[White "Coelho, Pedro"]
[Black "Türk, Philipp"]
[Result "1-0"]
[WhiteElo "1856"]
[BlackElo "2106"]
[WhiteFideId "1905694"]
[BlackFideId "4628152"]
[WhiteCountry "POR"]
[BlackCountry "GER"]
[PlyCount "93"]
[EventDate "2020.01.25"]

1. Nf3 g6 2. c3 Bg7 3. d4 Nf6 4. g3 b6 5. Bg2 Bb7 6. O-O O-O 7. Nh4 d5 8. Nd2
Nbd7 9. f4 Ne4 10. Nhf3 Nxd2 11. Bxd2 c5 12. e3 f6 13. h4 e5 14. Bh3 e4 15. Nh2
f5 16. Rf2 Re8 17. Bf1 Nf6 18. Be2 Bc8 19. Qf1 Bd7 20. Qd1 Rc8 21. Rc1 Qe7 22.
a3 Rc7 23. Nf1 Rec8 24. Nh2 Ne8 25. Nf1 Nd6 26. Ba6 Rd8 27. Be2 Bf6 28. Rh2 Ne8
29. Be1 Ng7 30. Bd2 Ne6 31. Qb3 Be8 32. Qd1 Rdc8 33. Ba6 Rd8 34. Be2 Qd6 35. Rg2
cxd4 36. cxd4 Nxd4 37. exd4 Bxd4+ 38. Kh1 Bxb2 39. Rxc7 Qxc7 40. g4 Bg7 41. gxf5
gxf5 42. Be3 Kf7 43. Bd4 Bh6 44. Qa1 Qxf4 45. Bg7 Ke7 46. Qf6+ Kd7 47. Bxh6 1-0

[Event "Portugal Open 2020"]
[Site "Lisboa POR"]
[Date "2020.01.27"]
[Round "4.51"]
[White "Babo, Miguel"]
[Black "Chennaoui, Yasin"]
[Result "1/2-1/2"]
[WhiteElo "1796"]
[BlackElo "2093"]
[WhiteFideId "1901567"]
[BlackFideId "1330667"]
[WhiteCountry "POR"]
[BlackCountry "SUI"]
[PlyCount "92"]
[EventDate "2020.01.25"]

1. d4 d6 2. Nf3 Bg4 3. Nbd2 c6 4. b3 Nd7 5. Bb2 Ngf6 6. h3 Bh5 7. a3 e6 8. e3
Be7 9. Be2 h6 10. O-O g5 11. Nh2 Bg6 12. c4 Rg8 13. Re1 Qc7 14. b4 b6 15. Bf3
Rc8 16. e4 e5 17. Rc1 exd4 18. Bxd4 Ne5 19. Ng4 Nfxg4 20. Bxg4 Nd3 21. Bxc8 Qxc8
22. e5 dxe5 23. Bxe5 Nxe1 24. Qxe1 Qe6 25. Nb3 f6 26. Bb8 Qxe1+ 27. Rxe1 Kf7 28.
Bxa7 Ra8 29. Bxb6 Rxa3 30. Bc5 Bxc5 31. Nxc5 Rc3 32. Ne4 Rb3 33. Nd6+ Kf8 34. b5
cxb5 35. cxb5 Bf7 36. Rc1 Ke7 37. Nf5+ Kd7 38. Nxh6 Be6 39. Ng4 Bxg4 40. hxg4
Rxb5 41. Re1 Kd6 42. f3 Rb2 43. Kf1 Ra2 44. Re2 Ra1+ 45. Kf2 Rb1 46. g3 Rb4
1/2-1/2

[Event "Portugal Open 2020"]
[Site "Lisboa POR"]
[Date "2020.01.27"]
[Round "4.52"]
[White "Pastor Alonso De Prado, Alberto"]
[Black "Fielding, Michael"]
[Result "1-0"]
[WhiteElo "2074"]
[BlackElo "1781"]
[WhiteFideId "2255740"]
[BlackFideId "447269"]
[WhiteCountry "ESP"]
[BlackCountry "ENG"]
[PlyCount "57"]
[EventDate "2020.01.25"]

1. e4 c6 2. d4 d5 3. exd5 cxd5 4. c4 e6 5. Nf3 Nf6 6. Nc3 Be7 7. Bf4 a6 8. c5
Bd7 9. Bd3 O-O 10. O-O b5 11. Rc1 Nc6 12. Re1 Nh5 13. Be3 g6 14. Qd2 Ng7 15. Bh6
Bf6 16. Ne2 Qa5 17. Qxa5 Nxa5 18. Bf4 Nc6 19. Ne5 Rfd8 20. g4 Bxe5 21. Bxe5 Nxe5
22. dxe5 Bc6 23. Nd4 Rac8 24. b4 h5 25. h3 Kh7 26. Kg2 Rh8 27. a4 bxa4 28. Bxa6
Ra8 29. b5 1-0

[Event "Portugal Open 2020"]
[Site "Lisboa POR"]
[Date "2020.01.27"]
[Round "4.53"]
[White "Terwagne, Bertrand"]
[Black "Maric, Boris"]
[Result "1/2-1/2"]
[WhiteElo "1796"]
[BlackElo "2034"]
[WhiteFideId "243078"]
[BlackFideId "16211367"]
[WhiteCountry "BEL"]
[BlackCountry "GER"]
[PlyCount "76"]
[EventDate "2020.01.25"]

1. Nf3 Nf6 2. c4 b6 3. g3 Bb7 4. Bg2 e6 5. O-O Be7 6. Nc3 O-O 7. d4 Ne4 8. Qd3
d5 9. cxd5 exd5 10. Ne5 f6 11. Ng4 f5 12. Ne5 Nd7 13. Nxd7 Qxd7 14. Bf4 a5 15.
Qc2 Rac8 16. Rfd1 Bd6 17. Bxd6 Qxd6 18. Rac1 Qe6 19. e3 Ba6 20. Ne2 Bxe2 21.
Qxe2 c5 22. dxc5 bxc5 23. Qd3 Rcd8 24. Qb5 Rb8 25. Qxa5 Rxb2 26. Rxc5 Rxf2 27.
Rcxd5 Qc6 28. Rd8 Rxg2+ 29. Kxg2 Nc3+ 30. Kg1 Nxd1 31. Rxf8+ Kxf8 32. Qd8+ Qe8
33. Qxd1 Qxe3+ 34. Kg2 g5 35. Qd5 Qe2+ 36. Kg1 Qe1+ 37. Kg2 Qe2+ 38. Kg1 Qe1+
1/2-1/2

[Event "Portugal Open 2020"]
[Site "Lisboa POR"]
[Date "2020.01.27"]
[Round "4.54"]
[White "Lopes, João Pedro"]
[Black "Barrento, Jorge"]
[Result "1/2-1/2"]
[WhiteElo "2030"]
[BlackElo "1715"]
[WhiteFideId "1902210"]
[BlackFideId "1906500"]
[WhiteCountry "POR"]
[BlackCountry "POR"]
[PlyCount "34"]
[EventDate "2020.01.25"]

1. c4 e5 2. Nc3 Nf6 3. Nf3 Nc6 4. d3 Bb4 5. e4 Bxc3+ 6. bxc3 h6 7. Be2 d6 8. Rb1
O-O 9. O-O b6 10. Qc2 Ba6 11. Qa4 Bb7 12. Ba3 Rb8 13. Rfd1 Qc8 14. h3 Nd8 15. c5
bxc5 16. Nxe5 dxe5 17. Bxc5 Bc6 1/2-1/2

[Event "Portugal Open 2020"]
[Site "Lisboa POR"]
[Date "2020.01.27"]
[Round "4.55"]
[White "Fanha, Paulo"]
[Black "Martins, Diogo"]
[Result "1/2-1/2"]
[WhiteElo "1766"]
[BlackElo "1998"]
[WhiteFideId "1902148"]
[BlackFideId "1926934"]
[WhiteTitle "CM"]
[WhiteCountry "POR"]
[BlackCountry "POR"]
[PlyCount "120"]
[EventDate "2020.01.25"]

1. e4 c5 2. Nc3 g6 3. f4 Bg7 4. Nf3 Nc6 5. Bb5 d6 6. Bxc6+ bxc6 7. O-O Nf6 8. d3
O-O 9. Qe1 Rb8 10. e5 Nd5 11. Rb1 Bg4 12. Nxd5 cxd5 13. Bd2 Bxf3 14. Rxf3 dxe5
15. fxe5 e6 16. Rh3 f5 17. exf6 Qxf6 18. Rf3 Qe7 19. Rxf8+ Rxf8 20. b3 e5 21.
Qe2 e4 22. Kh1 Bd4 23. Rf1 Rxf1+ 24. Qxf1 e3 25. Be1 e2 26. Qf3 Qe5 27. g3 Kg7
28. Kg2 h5 29. Qf4 Qe6 30. Qc7+ Kh6 31. Qf4+ g5 32. Qf8+ Kg6 33. Qf3 g4 34. Qf4
Qf6 35. Qxf6+ Kxf6 36. c4 Ke5 37. Bd2 Be3 38. Bc3+ Kd6 39. Be1 Kc6 40. Ba5 dxc4
41. bxc4 a6 42. Be1 Kb6 43. Bc3 Kc6 44. Ba5 Kd6 45. Bc3 Ke6 46. Be1 Ke5 47. Bc3+
Bd4 48. Bd2 Be3 49. Bc3+ Kf5 50. Be1 Bd4 51. Bd2 Be3 52. Bc3 Kg5 53. Be1 Kg6 54.
Ba5 Kf5 55. Bc3 Kg5 56. Be1 Kf5 57. Bc3 Kg6 58. Ba5 Bd4 59. Bd2 Be3 60. Bc3 Kg5
1/2-1/2

[Event "Portugal Open 2020"]
[Site "Lisboa POR"]
[Date "2020.01.27"]
[Round "4.56"]
[White "Ruiz Bellón, Manuel"]
[Black "Garcia Salvador, Carlos"]
[Result "1-0"]
[WhiteElo "1985"]
[BlackElo "1650"]
[WhiteFideId "32011504"]
[BlackFideId "54555310"]
[WhiteCountry "ESP"]
[BlackCountry "ESP"]
[PlyCount "81"]
[EventDate "2020.01.25"]

1. e4 c5 2. Nc3 Nc6 3. g3 g6 4. Bg2 Bg7 5. Nf3 e6 6. O-O Nge7 7. Re1 d6 8. d3
O-O 9. Bg5 h6 10. Be3 e5 11. Qd2 Kh7 12. Ne2 f5 13. Rad1 Be6 14. c3 Bxa2 15. b4
Be6 16. bxc5 d5 17. Qb2 Qc7 18. Nh4 dxe4 19. dxe4 f4 20. Bc1 g5 21. Nf5 Nxf5 22.
exf5 Bxf5 23. Rd6 Rad8 24. Red1 Rxd6 25. cxd6 Qd7 26. Qb5 e4 27. gxf4 g4 28. Ng3
Bg6 29. f5 Bf7 30. Nxe4 Be5 31. Ng3 Bxc3 32. Qd3 Bf6 33. Qe4 Ne5 34. Qf4 Bg7 35.
f6 Bb3 36. Qe4+ Ng6 37. fxg7 Re8 38. g8=Q+ Bxg8 39. Qxb7 Qxb7 40. Bxb7 Nf4 41.
Bxf4 1-0

[Event "Portugal Open 2020"]
[Site "Lisboa POR"]
[Date "2020.01.27"]
[Round "4.57"]
[White "Dias, António"]
[Black "Roque, Armando"]
[Result "0-1"]
[WhiteElo "1732"]
[BlackElo "1960"]
[WhiteFideId "1928040"]
[BlackFideId "1939149"]
[WhiteCountry "POR"]
[BlackCountry "POR"]
[PlyCount "78"]
[EventDate "2020.01.25"]

1. g4 d5 2. h3 h5 3. g5 g6 4. Bg2 Bg7 5. c4 e6 6. Nf3 Ne7 7. d4 O-O 8. Nc3 Nd7
9. Bf4 c6 10. c5 Nf5 11. Rc1 Re8 12. O-O e5 13. Nxe5 Nxe5 14. dxe5 Bxe5 15. Qd2
Qc7 16. Bxe5 Qxe5 17. e4 Nh4 18. f4 Qe7 19. Qd4 Nxg2 20. Kxg2 dxe4 21. Rfe1 Bf5
22. Qd6 Qxd6 23. cxd6 Rad8 24. Rcd1 Re6 25. Kf2 Rexd6 26. Rxd6 Rxd6 27. Nxe4
Bxe4 28. Rxe4 Rd2+ 29. Re2 Rxe2+ 30. Kxe2 Kf8 31. b4 Ke7 32. Ke3 Ke6 33. Ke4 b6
34. h4 c5 35. bxc5 bxc5 36. a4 Kd6 37. f5 a5 38. fxg6 fxg6 39. Ke3 Ke5 0-1

[Event "Portugal Open 2020"]
[Site "Lisboa POR"]
[Date "2020.01.27"]
[Round "4.58"]
[White "Rafael, Manuel"]
[Black "Guia, Artur"]
[Result "1-0"]
[WhiteElo "1727"]
[BlackElo "1928"]
[WhiteFideId "1921533"]
[BlackFideId "1946781"]
[WhiteCountry "POR"]
[BlackCountry "POR"]
[PlyCount "65"]
[EventDate "2020.01.25"]

1. d4 Nf6 2. c4 e6 3. Nc3 d5 4. Nf3 Nbd7 5. Bf4 Be7 6. e3 O-O 7. Bd3 b6 8. cxd5
exd5 9. O-O a6 10. Re1 Bb7 11. h3 c5 12. dxc5 Nxc5 13. Be2 Nfe4 14. Rc1 Bf6 15.
Nd4 Rc8 16. Bg4 Nxc3 17. Rxc3 Ne4 18. Rxc8 Bxc8 19. Bxc8 Qxc8 20. Qb3 Qc5 21. f3
Nd6 22. Qd3 b5 23. b3 h6 24. Rd1 Rd8 25. Qd2 Qb6 26. Bxd6 Qxd6 27. Nf5 Qe5 28.
Qd3 h5 29. Rc1 g6 30. Nd4 Re8 31. Rc6 Qxe3+ 32. Qxe3 Rxe3 33. Rxf6 1-0

[Event "Portugal Open 2020"]
[Site "Lisboa POR"]
[Date "2020.01.27"]
[Round "4.59"]
[White "Almeida, José António"]
[Black "Saltão, João"]
[Result "0-1"]
[WhiteElo "1538"]
[BlackElo "1912"]
[WhiteFideId "1958143"]
[BlackFideId "1907875"]
[WhiteCountry "POR"]
[BlackCountry "POR"]
[PlyCount "100"]
[EventDate "2020.01.25"]

1. d4 d5 2. Bf4 c6 3. c3 Bf5 4. Nd2 e6 5. Ngf3 Nf6 6. e3 Be7 7. h3 Ne4 8. Be2
O-O 9. O-O Qb6 10. Qb3 Nd7 11. c4 Bd6 12. Bxd6 Nxd6 13. c5 Qxb3 14. axb3 Ne4 15.
b4 a6 16. Ra3 Rae8 17. Nb3 Re7 18. Na5 Rb8 19. Bd3 Ree8 20. Nb3 Ng5 21. Nbd2
Bxd3 22. Rxd3 Nxf3+ 23. Nxf3 e5 24. dxe5 Nxe5 25. Nxe5 Rxe5 26. Rd4 Rbe8 27.
Rfd1 f6 28. R1d3 Kf7 29. Kf1 g5 30. Ke2 Kg6 31. f3 h5 32. g3 R5e7 33. Kf2 Kf5
34. Ra3 Rg8 35. Rad3 Rb8 36. Ra3 b6 37. Rd2 bxc5 38. Rxa6 Re6 39. bxc5 Rb5 40.
Rc2 Rb3 41. Ra3 Rexe3 42. Rxb3 Rxb3 43. Re2 h4 44. g4+ Kf4 45. Re6 Rxb2+ 46. Kg1
Kg3 47. Kf1 Kxh3 48. Rxc6 Kg3 49. Rxf6 h3 50. Rh6 h2 0-1

[Event "Portugal Open 2020"]
[Site "Lisboa POR"]
[Date "2020.01.27"]
[Round "4.60"]
[White "Dias, Leonardo Ribeiro"]
[Black "Graf, Peter"]
[Result "0-1"]
[WhiteElo "1113"]
[BlackElo "1900"]
[WhiteFideId "1949845"]
[BlackFideId "12969400"]
[WhiteCountry "POR"]
[BlackCountry "GER"]
[PlyCount "68"]
[EventDate "2020.01.25"]

1. e4 g6 2. d4 Bg7 3. Nf3 d6 4. Nc3 c6 5. Bc4 Nf6 6. O-O O-O 7. Re1 b5 8. Bb3 b4
9. Nb1 a5 10. a3 Bb7 11. Bd2 c5 12. e5 Nd5 13. Qe2 e6 14. exd6 cxd4 15. Qe4 Qb6
16. Bf4 Ne3 17. Qd3 Nf5 18. Be5 Bxe5 19. Nxe5 Nxd6 20. Nd2 a4 21. Ndc4 Nxc4 22.
Nxc4 Qc6 23. f3 axb3 24. Qxb3 bxa3 25. Rxa3 Rxa3 26. bxa3 Ba6 27. Ne5 Qc3 28.
Qb1 Rd8 29. Nd3 Nc6 30. Re4 Rb8 31. Qa2 Bxd3 32. Rxe6 Bc4 33. Rxc6 Qe3+ 34. Kh1
Qe1# 0-1

[Event "Portugal Open 2020"]
[Site "Lisboa POR"]
[Date "2020.01.27"]
[Round "4.63"]
[White "Marques, Pedro Godinho"]
[Black "Rego, Pedro"]
[Result "1/2-1/2"]
[WhiteElo "1854"]
[BlackElo "2208"]
[WhiteFideId "1928414"]
[BlackFideId "1904310"]
[BlackTitle "FM"]
[WhiteCountry "POR"]
[BlackCountry "POR"]
[PlyCount "84"]
[EventDate "2020.01.25"]

1. e4 c5 2. c3 Nf6 3. e5 Nd5 4. Nf3 Nc6 5. d4 cxd4 6. cxd4 d6 7. exd6 Qxd6 8.
Nc3 Nxc3 9. bxc3 g6 10. Bb2 Bg7 11. Be2 O-O 12. O-O Rd8 13. Re1 Bf5 14. h3 h6
15. Bc4 Na5 16. Bf1 Qc7 17. Qe2 Be6 18. Ne5 Bxe5 19. Qxe5 Qxe5 20. Rxe5 b6 21.
Ba6 Rd7 22. Bc1 Kg7 23. Bf4 Bc4 24. Rxa5 bxa5 25. Bxc4 g5 26. Be5+ f6 27. Be6
fxe5 28. Bxd7 exd4 29. c4 Rd8 30. Be6 Kf6 31. Bd5 d3 32. Rd1 d2 33. Rxd2 e6 34.
Kf1 a4 35. Ke2 exd5 36. Rxd5 Rb8 37. Rb5 Re8+ 38. Kd2 Rd8+ 39. Rd5 Rb8 40. Rb5
Rd8+ 41. Kc2 Re8 42. Kd2 Rd8+ 1/2-1/2

[Event "Portugal Open 2020"]
[Site "Lisboa POR"]
[Date "2020.01.27"]
[Round "4.64"]
[White "Alves, Fernando"]
[Black "Pourquet, Matthieu"]
[Result "1-0"]
[WhiteElo "1702"]
[BlackElo "2198"]
[WhiteFideId "1905678"]
[BlackFideId "20654642"]
[WhiteCountry "POR"]
[BlackCountry "FRA"]
[PlyCount "153"]
[EventDate "2020.01.25"]

1. e4 c5 2. f4 g6 3. Nf3 Bg7 4. Nc3 Nc6 5. Bb5 Nd4 6. Bc4 a6 7. a4 e6 8. O-O Ne7
9. Re1 O-O 10. d3 d5 11. Ba2 b5 12. Ne2 Nxf3+ 13. gxf3 bxa4 14. e5 f6 15. Ng3
Nc6 16. exf6 Qxf6 17. c3 a3 18. bxa3 Qxc3 19. Rb1 Nd4 20. Kg2 Qc2+ 21. Qd2 a5
22. Ne2 Qxd2 23. Bxd2 Ra7 24. Nxd4 Bxd4 25. Rb8 Bd7 26. Reb1 Rxb8 27. Rxb8+ Kf7
28. Kg3 a4 29. h4 h5 30. Rb1 Bc6 31. Rb6 Bd7 32. Rb1 Ke7 33. Rb6 c4 34. Bb4+ Kf7
35. Rb8 cxd3 36. Bb1 Rc7 37. Bxd3 Bf6 38. Rf8+ Kg7 39. Rb8 Bd4 40. Rd8 e5 41.
Bd6 exf4+ 42. Kxf4 Rb7 43. Bb4 Bf6 44. Ra8 Bxh4 45. Ra6 Bf6 46. Ra8 g5+ 47. Kg3
Be5+ 48. Kg2 h4 49. Ra6 Kf7 50. Rg6 Bf6 51. Rh6 Rc7 52. Rh7+ Bg7 53. Rh5 Kf6 54.
f4 gxf4 55. Rxh4 Kg5 56. Rh7 Be5 57. Be7+ Bf6 58. Rg7+ Kh6 59. Bxf6 Bh3+ 60.
Kxh3 Rxg7 61. Bxg7+ Kxg7 62. Kg4 Kf6 63. Kxf4 Ke6 64. Bb5 Kd6 65. Ke3 Kc5 66.
Bd3 Kb6 67. Kd4 Ka5 68. Kxd5 Kb6 69. Kc4 Ka5 70. Kc3 Kb6 71. Kb4 Ka7 72. Kxa4
Kb6 73. Kb4 Ka7 74. Kb5 Kb7 75. Be4+ Ka7 76. Ka5 Kb8 77. Kb6 1-0

[Event "Portugal Open 2020"]
[Site "Lisboa POR"]
[Date "2020.01.27"]
[Round "4.65"]
[White "Botelho, Luís"]
[Black "Asvestopoulou, Evdokia"]
[Result "1-0"]
[WhiteElo "1987"]
[BlackElo "1688"]
[WhiteFideId "1904981"]
[BlackFideId "4219198"]
[WhiteCountry "POR"]
[BlackCountry "GRE"]
[PlyCount "95"]
[EventDate "2020.01.25"]

1. e4 c5 2. Nc3 Nc6 3. Bb5 g6 4. f4 Bg7 5. Nf3 Nd4 6. O-O Nxb5 7. Nxb5 d5 8.
exd5 a6 9. Nc3 Nf6 10. d4 Nxd5 11. dxc5 Nxc3 12. Qxd8+ Kxd8 13. bxc3 Bxc3 14.
Rb1 Kc7 15. Rb3 Bg7 16. Bd2 Be6 17. Ba5+ Kc8 18. Rb6 Bd5 19. Ne5 f6 20. c4 Be4
21. Re1 f5 22. c6 Ra7 23. c7 Bxe5 24. fxe5 Kxc7 25. Rxg6+ Kc8 26. Rg7 b5 27. c5
Rd7 28. e6 Rd5 29. Bb4 a5 30. Bxa5 Rxc5 31. Bb4 Rc7 32. g4 h5 33. g5 h4 34. Rd1
h3 35. Ba5 Rc2 36. Rd2 Rc1+ 37. Kf2 Rh1 38. Ke3 Re1+ 39. Kd4 Bc6 40. Kc5 Rc1+
41. Kb6 Re8 42. Ka7 f4 43. g6 f3 44. Rf7 Rc4 45. g7 b4 46. Rf8 Rg4 47. Rxe8+
Bxe8 48. Rd8# 1-0

[Event "Portugal Open 2020"]
[Site "Lisboa POR"]
[Date "2020.01.27"]
[Round "4.66"]
[White "Heid, Michael"]
[Black "Counhago, Edgar"]
[Result "1-0"]
[WhiteElo "1953"]
[BlackElo "1682"]
[WhiteFideId "16276949"]
[BlackFideId "1964275"]
[WhiteCountry "GER"]
[BlackCountry "POR"]
[PlyCount "107"]
[EventDate "2020.01.25"]

1. d4 Nf6 2. Bf4 e6 3. e3 c5 4. c3 cxd4 5. exd4 d5 6. Bd3 Bd6 7. Bg3 Bxg3 8.
hxg3 h6 9. g4 Nc6 10. g5 Nd7 11. f4 Nf8 12. Nd2 Ng6 13. g3 Bd7 14. gxh6 gxh6 15.
Qe2 Nce7 16. O-O-O Qa5 17. Kb1 O-O-O 18. Nb3 Qc7 19. Nf3 Ba4 20. Rc1 Bxb3 21.
axb3 Kb8 22. Ne5 Nxe5 23. fxe5 Rdg8 24. Qe3 Qd8 25. Rcf1 Qf8 26. Qf4 Nc6 27.
Qxf7 Qxf7 28. Rxf7 Rxg3 29. Bb5 Nd8 30. Rf6 h5 31. Rf4 a6 32. Be2 Rg5 33. Rfh4
Rg2 34. Bf3 Rf2 35. Bxh5 Rg8 36. R1h2 Rgg2 37. Rxg2 Rxg2 38. Bf3 Rf2 39. Rh8 Kc7
40. Rh7+ Kc8 41. Bg4 Rg2 42. Bh3 Rg3 43. Ka2 b5 44. Ka3 a5 45. b4 a4 46. Ka2 Rg1
47. Re7 Rg6 48. Bf1 Nc6 49. Rh7 Rg4 50. Bxb5 Nxd4 51. cxd4 Rxd4 52. Bd7+ Kd8 53.
Bxe6 Rxb4 54. Rd7+ 1-0

[Event "Portugal Open 2020"]
[Site "Lisboa POR"]
[Date "2020.01.27"]
[Round "4.67"]
[White "Santos, Júlio"]
[Black "Almeida, Ângelo"]
[Result "1-0"]
[WhiteElo "1880"]
[BlackElo "1669"]
[WhiteFideId "1900650"]
[BlackFideId "1910329"]
[WhiteTitle "NM"]
[WhiteCountry "POR"]
[BlackCountry "POR"]
[PlyCount "87"]
[EventDate "2020.01.25"]

1. e4 e6 2. d4 d5 3. Nd2 Nf6 4. e5 Ng8 5. Nb3 b6 6. Be3 Ba6 7. Bd3 Ne7 8. f3
Bxd3 9. Qxd3 Nf5 10. Bf2 h5 11. Ne2 Nd7 12. Qb5 a6 13. Qc6 Ne7 14. Qc3 Rc8 15.
f4 c5 16. dxc5 Nc6 17. O-O bxc5 18. Qf3 g5 19. Be3 Nb4 20. c3 Nd3 21. Rab1 c4
22. Nbd4 Be7 23. h3 N3c5 24. fxg5 Nxe5 25. Qg3 Ncd3 26. h4 Bd6 27. Bf4 Qe7 28.
Rbd1 Nxf4 29. Qxf4 Nd3 30. Qd2 Bc5 31. b4 Bb6 32. Kh1 Qc7 33. Rf6 Qe5 34. Rdf1
Qe4 35. Ng1 Qxh4+ 36. Nh3 Bxd4 37. cxd4 Rh7 38. Qc2 Qxd4 39. Qa4+ Ke7 40. Qxa6
Rc7 41. g6 Rh6 42. Rxf7+ Kd8 43. Rf8+ Kd7 44. R1f7# 1-0

[Event "Portugal Open 2020"]
[Site "Lisboa POR"]
[Date "2020.01.27"]
[Round "4.68"]
[White "Pipiras, Filipa"]
[Black "Martins, José Carlos"]
[Result "1/2-1/2"]
[WhiteElo "1876"]
[BlackElo "1667"]
[WhiteFideId "1944894"]
[BlackFideId "1946005"]
[WhiteCountry "POR"]
[BlackCountry "POR"]
[PlyCount "140"]
[EventDate "2020.01.25"]

1. d4 d5 2. c4 e6 3. Nc3 Nf6 4. cxd5 exd5 5. Bg5 Nbd7 6. e3 Be7 7. Bd3 O-O 8.
Nge2 c6 9. Qc2 Re8 10. O-O Nf8 11. f3 Be6 12. Rad1 Rc8 13. Kh1 Ng6 14. Ng3 Nd7
15. Bxe7 Qxe7 16. f4 Bg4 17. Rde1 Qh4 18. f5 Ngf8 19. e4 c5 20. Nxd5 cxd4 21.
Qf2 f6 22. Qxd4 Ne5 23. Rc1 Nc6 24. Qf2 Nd7 25. Qf4 Nde5 26. Be2 Qg5 27. Qxg5
fxg5 28. Bb5 h5 29. Ne2 h4 30. h3 Bh5 31. Nec3 a6 32. Bxc6 bxc6 33. Ne3 Rcd8 34.
Rc2 Rd3 35. Re1 Red8 36. Nf1 Kf7 37. Re3 g4 38. hxg4 Bxg4 39. Rxd3 Rxd3 40. Rd2
Kf6 41. Rxd3 Nxd3 42. Ne3 Bh5 43. Nc4 Bf7 44. Nd6 Nxb2 45. e5+ Ke7 46. Nc8+ Kd8
47. Nd6 Ke7 48. Nxf7 Kxf7 49. Ne4 Nc4 50. Ng5+ Ke7 51. Nf3 c5 52. Kg1 Ne3 53.
Nxh4 Ng4 54. Ng6+ Ke8 55. e6 c4 56. Nf4 c3 57. Ne2 c2 58. Kf1 Ne3+ 59. Ke1 Nxf5
60. Kd2 Ke7 61. g4 Nh6 62. Nd4 Nxg4 63. Kxc2 Nf6 64. Kd3 Kd6 65. a4 Ne8 66. Ke4
g6 67. Kf4 Nc7 68. Kg5 Nxe6+ 69. Nxe6 Kxe6 70. Kxg6 a5 1/2-1/2

[Event "Portugal Open 2020"]
[Site "Lisboa POR"]
[Date "2020.01.27"]
[Round "4.69"]
[White "Alves, Luís"]
[Black "Twardowski, Hubert"]
[Result "0-1"]
[WhiteElo "1686"]
[BlackElo "1875"]
[WhiteFideId "1903110"]
[BlackFideId "1190415"]
[WhiteCountry "POR"]
[BlackCountry "POL"]
[PlyCount "94"]
[EventDate "2020.01.25"]

1. c4 e5 2. Nc3 Nf6 3. Nf3 Nc6 4. g3 d5 5. cxd5 Nxd5 6. d3 Bc5 7. Bg2 O-O 8. O-O
Nxc3 9. bxc3 Bb6 10. Nd2 Qf6 11. Ne4 Qg6 12. Be3 f5 13. Bxb6 axb6 14. Nd2 Be6
15. Qc2 f4 16. Ne4 Kh8 17. Qb2 Bf5 18. a3 Qh6 19. Qc1 Bg4 20. Re1 Qh5 21. Qd2
Rad8 22. Qc2 Ne7 23. d4 exd4 24. cxd4 Nd5 25. Rad1 Rde8 26. Nc3 Nxc3 27. Qxc3
Bxe2 28. Rd2 f3 29. Bh1 c6 30. Qb2 Bc4 31. Re5 Qh6 32. Rd1 Be2 33. Rxe8 Rxe8 34.
Re1 Rf8 35. Qxb6 Qd2 36. Qb4 Qxb4 37. axb4 Rd8 38. Ra1 h6 39. b5 cxb5 40. h3
Rxd4 41. Kh2 b4 42. Rb1 Bd1 43. Rb2 b3 44. g4 Ra4 45. Rd2 Bc2 46. Bxf3 b2 47.
Be4 Rxe4 0-1

[Event "Portugal Open 2020"]
[Site "Lisboa POR"]
[Date "2020.01.27"]
[Round "4.70"]
[White "Barros, Arlindo"]
[Black "Morais, Vítor"]
[Result "0-1"]
[WhiteElo "1671"]
[BlackElo "1864"]
[WhiteFideId "23600640"]
[BlackFideId "1900552"]
[BlackTitle "NM"]
[WhiteCountry "CPV"]
[BlackCountry "POR"]
[PlyCount "54"]
[EventDate "2020.01.25"]

1. d4 Nf6 2. c4 e5 3. e3 exd4 4. exd4 d5 5. Nc3 Be7 6. Nf3 O-O 7. b3 Bb4 8. Bd2
Re8+ 9. Be2 Nc6 10. O-O dxc4 11. Bxc4 Bg4 12. Bb5 Bxf3 13. gxf3 Qxd4 14. Bxc6
bxc6 15. Rc1 Rad8 16. Be3 Qh4 17. Qe2 Bd6 18. f4 Ng4 19. f3 Nxe3 20. Rf2 Bxf4
21. Ne4 f5 22. Ng3 Bxg3 23. hxg3 Qxg3+ 24. Kh1 Rd6 25. Rg1 Rh6+ 26. Rh2 Rxh2+
27. Qxh2 Qxf3+ 0-1

[Event "Portugal Open 2020"]
[Site "Lisboa POR"]
[Date "2020.01.27"]
[Round "4.71"]
[White "Pena Barbeito, Rodrigo"]
[Black "Silva, Tiago Alexandre"]
[Result "0-1"]
[WhiteElo "1658"]
[BlackElo "1855"]
[WhiteFideId "22228055"]
[BlackFideId "1935321"]
[WhiteCountry "ESP"]
[BlackCountry "POR"]
[PlyCount "102"]
[EventDate "2020.01.25"]

1. e4 c5 2. Nf3 Nc6 3. d4 cxd4 4. c3 g6 5. cxd4 d5 6. e5 Bg4 7. Bb5 e6 8. h3
Bxf3 9. Qxf3 Qb6 10. Qd3 a6 11. Bxc6+ bxc6 12. O-O Ne7 13. Nd2 Nf5 14. Nb3 a5
15. g4 a4 16. gxf5 axb3 17. fxe6 fxe6 18. a3 Be7 19. Be3 O-O 20. f4 c5 21. dxc5
Bxc5 22. Rae1 Ra4 23. Kg2 Rc4 24. Kg3 Rb8 25. f5 gxf5 26. Bh6 Kh8 27. Re2 Qb5
28. Qf3 Rg8+ 29. Kh2 Rc2 30. Rxc2 bxc2 31. b4 Bd4 32. Bf4 Qc4 33. Re1 Qa2 34.
Bc1 Qc4 35. Qe2 Qxe2+ 36. Rxe2 Rc8 37. a4 Rc4 38. a5 Rxb4 39. Rxc2 Bxe5+ 40. Kg2
Rc4 41. Rxc4 dxc4 42. a6 Bb8 43. Bb2+ Kg8 44. Be5 Ba7 45. Kf3 Kf7 46. Kf4 Kg6
47. h4 Kh5 48. Bf6 h6 49. Ke5 c3 50. Kxe6 c2 51. Bb2 f4 0-1